The principle of relativity; (Record no. 594299)

000 -LEADER
fixed length control field 00992cam a22002651 4500
001 - CONTROL NUMBER
control field 7788848
005 - DATE AND TIME OF LATEST TRANSACTION
control field 20230324165814.0
008 - FIXED-LENGTH DATA ELEMENTS--GENERAL INFORMATION
fixed length control field 800512s1920 ii 000 0 eng
010 ## - LIBRARY OF CONGRESS CONTROL NUMBER
LC control number 22016381
035 ## - SYSTEM CONTROL NUMBER
System control number (OCoLC)6308161
040 ## - CATALOGING SOURCE
Original cataloging agency DLC
Transcribing agency TxU
Modifying agency DLC
042 ## - AUTHENTICATION CODE
Authentication code premarc
050 00 - LIBRARY OF CONGRESS CALL NUMBER
Classification number QC6
Item number .E45
082 ## - DEWEY DECIMAL CLASSIFICATION NUMBER
Classification number 530.11
100 1# - MAIN ENTRY--PERSONAL NAME
Personal name Einstein, Albert,
Dates associated with a name 1879-1955.
9 (RLIN) 10643
245 14 - TITLE STATEMENT
Title The principle of relativity;
Remainder of title original papers
Statement of responsibility, etc. by A. Einstein and H. Minkowski, tr. into English by M. N. Saha and S. N. Bose ... with a historical introduction, by P. C. Mahalanobis ...
260 ## - PUBLICATION, DISTRIBUTION, ETC.
Place of publication, distribution, etc. [Calcutta]
Name of publisher, distributor, etc. The University of Calcutta,
Date of publication, distribution, etc. 1920.
300 ## - PHYSICAL DESCRIPTION
Extent 3 p. l., xxiii, 186 p.
Dimensions 22 cm.
650 #0 - SUBJECT ADDED ENTRY--TOPICAL TERM
Topical term or geographic name entry element Relativity (Physics)
9 (RLIN) 5786
700 1# - ADDED ENTRY--PERSONAL NAME
Personal name Minkowski, H.
Fuller form of name (Hermann),
Dates associated with a name 1864-1909.
9 (RLIN) 111406
700 1# - ADDED ENTRY--PERSONAL NAME
Personal name Saha, Meghnad,
Dates associated with a name 1893-1956,
Relator term tr.
9 (RLIN) 111407
700 1# - ADDED ENTRY--PERSONAL NAME
Personal name Bose, Satyendranath,
Dates associated with a name 1894-1974,
Relator term tr.
9 (RLIN) 111408
906 ## - LOCAL DATA ELEMENT F, LDF (RLIN)
a 7
b cbc
c oclcrpl
d u
e ncip
f 19
g y-gencatlg
942 ## - ADDED ENTRY ELEMENTS (KOHA)
Source of classification or shelving scheme
Koha item type Book
Holdings
Withdrawn status Lost status Source of classification or shelving scheme Damaged status Not for loan Permanent Location Current Location Shelving location Date acquired Full call number Barcode Date last seen Price effective from Koha item type
          School of Mechanical & Manufacturing Engineering (SMME) School of Mechanical & Manufacturing Engineering (SMME) Aerospace Engineering 03/24/2023 530.11 EIN SMME-4126 03/24/2023 03/24/2023 Book
© 2023 Central Library, National University of Sciences and Technology. All Rights Reserved.